Raising the Bar: (Record no. 115243)
[ view plain ]
| 000 -LEADER | |
|---|---|
| fixed length control field | 01341cam a2200253 4500 |
| 001 - CONTROL NUMBER | |
| control field | L158282 |
| 008 - FIXED-LENGTH DATA ELEMENTS--GENERAL INFORMATION | |
| fixed length control field | 040913n2014 000 0 eng u |
| 035 ## - SYSTEM CONTROL NUMBER | |
| System control number | (Sirsi) u158282 |
| 041 ## - LANGUAGE CODE | |
| Language code of text/sound track or separate title | eng |
| 110 2# - MAIN ENTRY--CORPORATE NAME | |
| Corporate name or jurisdiction name as entry element | Occupiers Journal Limited |
| 9 (RLIN) | 6144 |
| 245 00 - TITLE STATEMENT | |
| Title | Raising the Bar: |
| Remainder of title | City Roundtables Report |
| Medium | [electronic resource] |
| 260 ## - PUBLICATION, DISTRIBUTION, ETC. | |
| Place of publication, distribution, etc. | London |
| Name of publisher, distributor, etc. | RICS |
| Date of publication, distribution, etc. | 2014 |
| 490 #0 - SERIES STATEMENT | |
| Series statement | Raising the Bar |
| Volume/sequential designation | II |
| 490 #0 - SERIES STATEMENT | |
| Series statement | RICS Research |
| 520 ## - SUMMARY, ETC. | |
| Summary, etc. | Second in a series of research reports on Raising the Bar in facilities management. Following global study of strategic role of FM management Raising the Bar I in 2012 this report makes specific recommendations for action. It focuses on how the reactions and responses would differ, in different economic regions around the world. These Roundtables were held in 2013, and this report summarises the outcomes. Part I L158285 and Part III L159408. |
| 650 24 - SUBJECT ADDED ENTRY--TOPICAL TERM | |
| Topical term or geographic name entry element | Strategic Facilities Management |
| 651 #4 - SUBJECT ADDED ENTRY--GEOGRAPHIC NAME | |
| Geographic name | ENGLAND AND WALES |
| 690 ## - LOCAL SUBJECT ADDED ENTRY--TOPICAL TERM (OCLC, RLIN) | |
| Topical term or geographic name as entry element | Facilities management |
| 9 (RLIN) | 6240 |
| 700 1# - ADDED ENTRY--PERSONAL NAME | |
| Personal name | Ware, J. P. |
| 700 1# - ADDED ENTRY--PERSONAL NAME | |
| Personal name | Carder, Paul |
| 710 1# - ADDED ENTRY--CORPORATE NAME | |
| Corporate name or jurisdiction name as entry element | Royal Institution of Chartered Surveyors |
| 9 (RLIN) | 4900 |
| 856 48 - ELECTRONIC LOCATION AND ACCESS | |
| Uniform Resource Identifier | <a href="https://www.rics.org/globalassets/rics-website/media/knowledge/research/research-reports/raising-the-bar-ii-city-roundtables-rics.pdf">https://www.rics.org/globalassets/rics-website/media/knowledge/research/research-reports/raising-the-bar-ii-city-roundtables-rics.pdf</a> |
| Public note | View the report free of charge from www.rics.org |
| 942 ## - ADDED ENTRY ELEMENTS (KOHA) | |
| Suppress in OPAC | 0 |
| Withdrawn status | Lost status | Source of classification or shelving scheme | Damaged status | Not for loan | Home library | Current library | Shelving location | Date acquired | Total Checkouts | Full call number | Barcode | Date last seen | Copy number | Price effective from | Koha item type |
|---|---|---|---|---|---|---|---|---|---|---|---|---|---|---|---|
| Dewey Decimal Classification | Virtual | Virtual | Online | 21/11/2014 | ONLINE PUBLICATION | 158282-2001 | 06/08/2019 | 1 | 06/08/2019 | Book |